000 00746nam a2200301Ia 4500
005 20260401122229.0
008 008 250103s9999 xx 000 0 eng d
020 _a195639332
037 _aTB
040 _aEDL
040 _beng
040 _cEDL
041 _2eng
041 _aeng
084 _a891.431 VAU
084 _qEDL
100 _aVaudeville, Charlotte
_91232665
245 0 _aWeaver named Kabir: Selected Verses with a Detailed Biographical and Historical Introduction
245 0 _cVaudeville, Charlotte
260 _aNew Delhi
260 _bOxford University Press
260 _c2001
300 _a399p
942 _cTB
942 _h891.431 VAU
999 _c1845818
_d1845818